| 000 | 00560nam a2200193 4500 | ||
|---|---|---|---|
| 001 | 138617 | ||
| 003 | ES-MaACL | ||
| 005 | 20230906195611.0 | ||
| 007 | t| | ||
| 008 | 070214s1977 sp r ||||1| spa d | ||
| 100 | 1 |
_aSantamarina, Alvaro. _9103317 |
|
| 245 | 1 | 0 |
_aJoaquín Ruiz-Giménez / _cAlvaro Santamarina. |
| 260 |
_aMadrid : _bCambio 16, _c1977. |
||
| 300 |
_a149 p. ; _c18 cm. |
||
| 490 | 1 | _aPolíticos para unas elecciones | |
| 830 | 0 |
_aPolíticos para unas elecciones _9180986 |
|
| 852 |
_aES-MaACL _jA-7021 _bR.96165 |
||
| 999 |
_c138617 _d138617 |
||